| 000 | 00812 a2200241 4500 | ||
|---|---|---|---|
| 020 | _a0071180648 | ||
| 020 | _a9780071180641 | ||
| 090 |
_c3624 _d3624 |
||
| 100 | 1 | _aSamuelson, Paul A. | |
| 245 | 1 | 0 |
_aEconomics / _cPaul A. Samuelson. |
| 250 | _a17I.S.ed ed. | ||
| 260 |
_a[S.l.] : _bMcGraw-Hill Education (ISE Editions), _c2001. |
||
| 300 |
_a807 p. ; _c26 cm. |
||
| 490 | 1 | _aMcgraw-hill international editions. | |
| 500 | _aImport. | ||
| 500 | _aPaperback. | ||
| 700 | 1 | _aNordhaus, William D. | |
| 700 | 1 | _aNordhaus, William D. | |
| 830 | 0 | _aMcgraw-hill international editions. | |
| 856 | 4 | 0 |
_3Amazon.com _uhttp://www.amazon.com/exec/obidos/ASIN/0071180648/chopaconline-20 |
| 856 | 4 | 0 |
_3Amazon customer reviews _uhttp://www.chopac.org/cgi-bin/tools/azrev.pl?q=0071180648 |
| 942 |
_aNBS _cBK _k330 SAM |
||
| 999 |
_c346092 _d346092 |
||